True or False: Virginia - Statistics

General Stats
  • This quiz has been taken 59 times
  • The average score is 10 of 15
Answer Stats
Question Answer % Correct
Norfolk is the state capital False
100%
Virginia used to belong to Mexico but was later sold to the USA False
100%
Virginia is where the most presidents are from True
100%
Virginia borders Deleware False
83%
Foot Loose was filmed in Virginia False
83%
Abraham Lincoln was born in Virginia False
83%
The first permanent settlement was in Virginia True
83%
Mammoth Cave is in Virginia False
67%
There are Elk in Virginia True
67%
Virginia Beach is the largest city in Virginia True
67%
Virginia has a bigger population than any of the states it borders False
50%
The first Thanksgiving was in Virginia True
50%
Virginia has a professional sports team False
33%
Virginia has a population of over 10M False
17%
In Hampton, Virginia, it is illegal to throw corn on the sidewalk of Elm Street False
0%
No matching quizzes found
Score Distribution
Percent of People with Each Score
Percentile by Number Answered
Your Score History
You have not taken this quiz